ბათუმის შოთა რუსთაველის სახელმწიფო უნივერსიტეტის ბიბლიოთეკა

Tropical mariculture / (ბიბ.ჩანაწერი № 50440)

000 -LEADER
fixed length control field 02618cam a22003617a 4500
001 - CONTROL NUMBER
control field 150002
005 - DATE AND TIME OF LATEST TRANSACTION
control field 20200226164254.0
008 - FIXED-LENGTH DATA ELEMENTS--GENERAL INFORMATION
fixed length control field 980714s1998 caua b 001 0 eng d
010 ## - LIBRARY OF CONGRESS CONTROL NUMBER
LC control number 98086925
020 ## - INTERNATIONAL STANDARD BOOK NUMBER
International Standard Book Number 0122108450
035 ## - SYSTEM CONTROL NUMBER
System control number (DLC)150002
040 ## - CATALOGING SOURCE
Original cataloging agency EUN
Transcribing agency EUN
Modifying agency TEF
-- NIC
-- DLC
041 ## - LANGUAGE CODE
Language code of text/sound track or separate title eng
042 ## - AUTHENTICATION CODE
Authentication code lccopycat
043 ## - GEOGRAPHIC AREA CODE
Geographic area code w------
050 00 - LIBRARY OF CONGRESS CALL NUMBER
Classification number SH134.6
Item number .T76 1998
080 ## - UNIVERSAL DECIMAL CLASSIFICATION NUMBER
Universal Decimal Classification number 639.5 D-29
082 00 - DEWEY DECIMAL CLASSIFICATION NUMBER
Classification number 639.8/0913
Edition number 21
245 00 - TITLE STATEMENT
Title Tropical mariculture /
Statement of responsibility, etc. edited by Sena S. De Silva.
260 ## - PUBLICATION, DISTRIBUTION, ETC.
Place of publication, distribution, etc. San Diego, Calif. :
Name of publisher, distributor, etc. Academic Press,
Date of publication, distribution, etc. c1998.
300 ## - PHYSICAL DESCRIPTION
Extent viii, 487 p. :
Other physical details ill. ;
Dimensions 24 cm.
504 ## - BIBLIOGRAPHY, ETC. NOTE
Bibliography, etc. note Includes bibliographical references and index.
505 8# - FORMATTED CONTENTS NOTE
Formatted contents note Machine generated contents note: 1 Tropical Mariculture: Current Status and Prospects -- Sena S. De Silva -- 2 Tropical Mariculture and Coastal Environmental Integrity -- Michael J. Phillips -- 3 Early Life History Features Influencing Larval Survival of -- Cultivated Tropical Finfish -- Hiroshi Kohno -- 4 Genetic Improvement of Cultured Marine Finfish: Case Studies -- Wayne Knibb, G. Gorshkova and S. Gorshkov -- 5 Development of Artificial Diets for Marine Finfish Larvae: -- Problems and Prospects -- Paul C. Southgate and Gavin J. Partridge -- 6 Major Challenges to Feed Development for Marine and -- Diadromous Finfish and Crustacean Species -- Albert G.J. Tacon and Uwe C. Barg -- 7 Pathobiology of Marine Organisms Cultured in the Tropics -- Angelo Colorni -- 8 Tropical Shrimp Farming and its Sustainability -- J. Honculada Primavera -- 9 Aspects of the Biology and Culture of Sea Cucumber -- Toyoshige Yanagisawa -- 10 Mussel and Oyster Culture in the Tropics -- M. Mohan Joseph -- 11 Culture of Marine Finfish Species of the Pacific -- Cheng-Sheng Lee -- 12 Historical and Current Trends in Milkfish Farming in the Philippines -- Teodora Bagarinao -- 13 Grouper Culture -- Leong Tak Seng -- 14 Aspects of the Biology and Culture of Lates calcarifer -- Michael A. Rimmer and D. John Russell -- Index.
650 #0 - SUBJECT ADDED ENTRY--TOPICAL TERM
Topical term or geographic name entry element Mariculture
Geographic subdivision Tropics.
9 (RLIN) 7519
653 ## - INDEX TERM--UNCONTROLLED
keyword ტროპიკული მებაღეობა
700 1# - ADDED ENTRY--PERSONAL NAME
Personal name De Silva, Sena S.
Relator term რედაქტორი
9 (RLIN) 7520
856 42 - ELECTRONIC LOCATION AND ACCESS
Materials specified Publisher description
Uniform Resource Identifier http://www.loc.gov/catdir/description/els033/98086925.html
856 41 - ELECTRONIC LOCATION AND ACCESS
Materials specified Table of contents
Uniform Resource Identifier http://www.loc.gov/catdir/toc/fy02/98086925.html
906 ## - LOCAL DATA ELEMENT F, LDF (RLIN)
a 7
b cbc
c copycat
d 3
e ncip
f 19
g y-gencatlg
942 ## - ADDED ENTRY ELEMENTS (KOHA)
Source of classification or shelving scheme
Koha item type წიგნი
ეგზემპლარები
Withdrawn status Lost status Source of classification or shelving scheme Damaged status Not for loan Permanent Location Current Location Shelving location Date acquired Cost, normal purchase price Full call number Barcode Date last seen Copy number Price effective from Koha item type Public note
          ბათუმის შოთა რუსთაველის სახელმწიფო უნივერსიტეტის მთავარი ბიბლიოთეკა ბათუმის შოთა რუსთაველის სახელმწიფო უნივერსიტეტის მთავარი ბიბლიოთეკა წიგნსაცავი 2018-12-17 600.00 639.5 D-29 711 2018-12-17 711 2018-12-17 წიგნი 600 ლ.